000 02195nam a2200337 a 4500
001 58481
003 BD-RjUL
005 20211209080628.0
008 161218s1994 enk b 001 0 eng
020 _a0415092477
020 _a0415092485 (pbk.)
035 _a(OCoLC)ocm28634533
035 _a(BD-RjUL)58605
040 _aDLC
_cDLC
_dUKM
_beng
041 _aeng
082 0 0 _a362.70941
_223
_bWOR 1994
245 0 0 _aWorking together for young children :
_bmulti-professionalism in action /
_cedited by Tricia David.
260 _aLondon ;
_aNew York :
_bRoutledge,
_c1994.
263 _a9406
300 _axxi, 192 p.;
_c23 cm.
504 _aIncludes bibliographical references and indexes.
505 2 _a1. What's so special about families? / Tricia David -- 2. In sickness and in health / Clare Blackburn -- 3. Childminders and children / Judy Warner -- 4. Teachers and young children in educational establishments / Cathy Nutbrown -- 5. Voluntary agencies, young children and their families, preschool playgroups / Margaret Brown -- 6. Daycare and nursery education as a business. The private sector: an overview / Vivienne Whittingham -- 7. Becoming a special family / Elaine Herbert -- 8. When parents separate - having two homes / Erica De'Ath -- 9. Supporting 'children in need' - the role of the social worker / Norma Baldwin and Christine Harrison -- 10. Young children in the care system / Sonia Jackson -- 11. Making a difference for children 'in need': 'educare' services / Tricia David -- 12. Young children in day nurseries and combined centres run by the Social Services department - practitioner research / Margy Whalley -- 13. Training to work with young children / Audrey Curtis.
505 0 _a14. Coordinating provision - the story so far in one local authority / Ann Sharp -- 15. Postscript. Supporting children and families - an optimistic future? / Tricia David.
650 0 _aChildren
_xServices for
_zGreat Britain.
_9173674
650 0 _aSocial work with children
_zGreat Britain.
_9173675
653 0 _aChildren
_aWelfare services
653 0 _aGreat Britain
700 1 _aDavid, Tricia,
_d1942-
_9173676
942 _2ddc
_cBK
999 _c58481
_d58481